000
00338nam a2200145Ia 4500
005
20251222154345.0
008
251222s9999||||xx |||||||||||||| ||spa||
020
_a
842269798X
082
_a
813.6/H39
100
_a
Henley, Victoria
245
0
_a
Fronteras de Pasión
250
_a
1ra.ed.
264
_b
Ediciones B, S.A.
942
_c
LIB
999
_c
34690
_d
34690